[Event "ODJM B 2023"]
[Site "Willingen GER"]
[Date "2023.05.30"]
[Round "4"]
[White "Müller, Sophie Charlotte"]
[Black "Weyerer, Noah"]
[Result "0-1"]
[Termination "normal"]
[Board "9"]
[WhiteElo "1442"]
[BlackElo "1677"]
[WhiteClock "00:08:48"]
[BlackClock "00:42:32"]
[PlyCount "78"]
[WhiteFideId "16246683"]
[BlackFideId "16250664"]
[EventCountry "GER"]
[EventRounds "9"]
[EventType "swiss"]
[EventDate "2023.05.27"]

1. e4 {[%clk 01:30:58]} {[%emt 00:00:02]} e6 {[%emt 00:00:11]} 2. d4 {[%clk
01:31:23]} d5 {[%clk 01:31:20]} {[%emt 00:00:05]} 3. exd5 {[%clk 01:31:50]}
{[%emt 00:00:04]} exd5 {[%clk 01:31:44]} {[%emt 00:00:05]} 4. Nf3 {[%clk
01:32:15]} {[%emt 00:00:05]} Bd6 {[%clk 01:30:30]} {[%emt 00:01:43]} 5. Bd3
{[%clk 01:26:05]} {[%emt 00:06:41]} Ne7 {[%clk 01:29:53]} {[%emt 00:01:06]} 6.
O-O {[%clk 01:25:53]} {[%emt 00:00:43]} Bg4 {[%clk 01:29:55]} {[%emt 00:00:28]}
7. Bg5 {[%clk 01:20:16]} {[%emt 00:06:07]} f6 {[%clk 01:29:39]} {[%emt
00:00:45]} 8. Be3 {[%clk 01:17:25]} {[%emt 00:03:21]} Nbc6 {[%clk 01:29:31]}
{[%emt 00:00:38]} 9. c3 {[%clk 01:14:34]} {[%emt 00:03:21]} Qd7 {[%clk
01:29:48]} {[%emt 00:00:13]} 10. Nbd2 {[%clk 01:13:46]} {[%emt 00:01:18]} O-O-O
{[%clk 01:29:42]} {[%emt 00:00:36]} 11. b4 {[%clk 01:08:57]} {[%emt 00:05:20]}
g5 {[%clk 01:28:42]} {[%emt 00:01:30]} 12. Qa4 {[%clk 00:55:54]} {[%emt
00:13:33]} Bf5 {[%clk 01:22:57]} {[%emt 00:06:14]} 13. Ba6 {[%clk 00:39:45]}
{[%emt 00:16:40]} Ng6 {[%clk 01:08:37]} {[%emt 00:14:49]} 14. Bb5 {[%clk
00:35:15]} {[%emt 00:05:00]} Nf4 {[%clk 01:02:18]} {[%emt 00:06:49]} 15. Bxc6
{[%clk 00:27:47]} {[%emt 00:07:58]} Qxc6 {[%clk 01:02:34]} {[%emt 00:00:15]}
16. Qxc6 {[%clk 00:26:44]} {[%emt 00:01:33]} Ne2+ {[%clk 01:02:41]} {[%emt
00:00:23]} 17. Kh1 {[%clk 00:27:09]} {[%emt 00:00:05]} bxc6 {[%clk 01:03:05]}
{[%emt 00:00:06]} 18. Nb1 {[%clk 00:23:39]} {[%emt 00:04:00]} Bxb1 {[%clk
01:02:43]} {[%emt 00:00:52]} 19. Rfxb1 {[%clk 00:22:58]} {[%emt 00:01:10]} Nxc3
{[%clk 01:01:59]} {[%emt 00:01:14]} 20. Rc1 {[%clk 00:22:02]} {[%emt 00:01:26]}
Ne4 {[%clk 01:01:44]} {[%emt 00:00:45]} 21. Rab1 {[%clk 00:21:11]} {[%emt
00:01:22]} Kd7 {[%clk 01:00:56]} {[%emt 00:01:17]} 22. a4 {[%clk 00:19:49]}
{[%emt 00:01:53]} Rb8 {[%clk 01:00:02]} {[%emt 00:01:23]} 23. b5 {[%clk
00:19:41]} {[%emt 00:00:39]} cxb5 {[%clk 00:59:53]} {[%emt 00:00:39]} 24. axb5
{[%clk 00:20:05]} {[%emt 00:00:06]} Rb6 {[%clk 00:51:44]} {[%emt 00:08:39]} 25.
Nd2 {[%clk 00:17:18]} {[%emt 00:03:17]} Rhb8 {[%clk 00:48:26]} {[%emt
00:03:48]} 26. Ra1 {[%clk 00:14:46]} {[%emt 00:03:02]} Nxd2 {[%clk 00:46:55]}
{[%emt 00:02:01]} 27. Bxd2 {[%clk 00:15:14]} {[%emt 00:00:02]} R8b7 {[%clk
00:46:29]} {[%emt 00:00:55]} 28. g3 {[%clk 00:15:07]} {[%emt 00:00:38]} Rxb5
{[%clk 00:46:36]} {[%emt 00:00:23]} 29. Ra4 {[%clk 00:13:13]} {[%emt 00:02:23]}
Rb1 {[%clk 00:45:24]} {[%emt 00:01:43]} 30. Rxb1 {[%clk 00:13:39]} {[%emt
00:00:03]} Rxb1+ {[%clk 00:45:47]} {[%emt 00:00:08]} 31. Kg2 {[%clk 00:14:01]}
{[%emt 00:00:07]} Rb2 {[%clk 00:42:57]} {[%emt 00:03:20]} 32. Bc3 {[%clk
00:13:04]} {[%emt 00:01:27]} Rb3 {[%clk 00:42:18]} {[%emt 00:01:09]} 33. Ba1
{[%clk 00:12:17]} {[%emt 00:01:17]} Ra3 {[%clk 00:42:32]} {[%emt 00:00:16]} 34.
Rxa3 {[%clk 00:12:46]} {[%emt 00:00:02]} Bxa3 {[%clk 00:42:54]} {[%emt
00:00:07]} 35. Kf3 {[%clk 00:12:44]} {[%emt 00:00:32]} a5 {[%clk 00:42:45]}
{[%emt 00:00:40]} 36. Kg4 {[%clk 00:12:42]} {[%emt 00:00:32]} a4 {[%clk
00:42:23]} {[%emt 00:00:52]} 37. Kh5 {[%clk 00:08:12]} {[%emt 00:05:00]} Bc1
{[%clk 00:42:18]} {[%emt 00:00:34]} 38. Kh6 {[%clk 00:08:30]} {[%emt 00:00:12]}
g4+ {[%clk 00:42:12]} {[%emt 00:00:37]} 39. Kxh7 {[%clk 00:08:48]} {[%emt
00:00:11]} a3 {[%clk 00:42:32]} {[%emt 00:00:10]} 0-1

[Event "ODJM B 2023"]
[Site "Willingen GER"]
[Date "2023.05.30"]
[Round "4"]
[White "Storm, Max"]
[Black "Götz, Timon"]
[Result "1/2-1/2"]
[Termination "normal"]
[Board "10"]
[WhiteElo "1703"]
[BlackElo "1570"]
[WhiteClock "00:05:53"]
[BlackClock "00:07:58"]
[PlyCount "61"]
[WhiteFideId "34625658"]
[BlackFideId "16245040"]
[EventCountry "GER"]
[EventRounds "9"]
[EventType "swiss"]
[EventDate "2023.05.27"]

1. e4 {[%clk 01:30:57]} {[%emt 00:00:02]} c5 {[%clk 01:30:51]} {[%emt
00:00:09]} 2. Nf3 {[%clk 01:31:22]} {[%emt 00:00:05]} e6 {[%clk 01:31:07]}
{[%emt 00:00:15]} 3. d4 {[%clk 01:31:46]} {[%emt 00:00:05]} cxd4 {[%clk
01:31:31]} {[%emt 00:00:06]} 4. Nxd4 {[%clk 01:32:10]} {[%emt 00:00:06]} Nc6
{[%clk 01:31:56]} {[%emt 00:00:06]} 5. Nc3 {[%clk 01:32:29]} {[%emt 00:00:10]}
Qc7 {[%clk 01:32:10]} {[%emt 00:00:16]} 6. Be3 {[%clk 01:32:10]} {[%emt
00:00:48]} a6 {[%clk 01:31:31]} {[%emt 00:01:11]} 7. a3 {[%clk 01:32:34]}
{[%emt 00:00:06]} b5 {[%clk 01:31:32]} {[%emt 00:00:29]} 8. Nxc6 {[%clk
01:32:26]} {[%emt 00:00:37]} Qxc6 {[%clk 01:31:30]} {[%emt 00:00:32]} 9. Bd3
{[%clk 01:32:38]} {[%emt 00:00:17]} Bb7 {[%clk 01:30:49]} {[%emt 00:01:12]} 10.
O-O {[%clk 01:32:34]} {[%emt 00:00:34]} Nf6 {[%clk 01:30:33]} {[%emt 00:00:46]}
11. Kh1 {[%clk 01:32:08]} {[%emt 00:00:56]} h5 {[%clk 01:30:29]} {[%emt
00:00:35]} 12. f4 {[%clk 01:14:22]} {[%emt 00:18:15]} b4 {[%clk 01:26:38]}
{[%emt 00:04:21]} 13. axb4 {[%clk 01:04:43]} {[%emt 00:10:09]} Bxb4 {[%clk
01:26:29]} {[%emt 00:00:39]} 14. Bd2 {[%clk 01:02:59]} {[%emt 00:02:14]} Bxc3
{[%clk 01:20:17]} {[%emt 00:06:42]} 15. Bxc3 {[%clk 01:03:18]} {[%emt
00:00:10]} Nxe4 {[%clk 01:20:30]} {[%emt 00:00:18]} 16. Bxe4 {[%clk 01:02:04]}
{[%emt 00:01:44]} Qxe4 {[%clk 01:20:50]} {[%emt 00:00:09]} 17. Rf2 {[%clk
01:01:20]} {[%emt 00:01:14]} h4 {[%clk 01:17:04]} {[%emt 00:04:16]} 18. h3
{[%clk 00:53:34]} {[%emt 00:08:17]} Qc6 {[%clk 00:49:13]} {[%emt 00:28:21]} 19.
f5 {[%clk 00:48:21]} {[%emt 00:05:43]} O-O-O {[%clk 00:46:35]} {[%emt
00:03:08]} 20. Ra3 {[%clk 00:46:15]} {[%emt 00:02:36]} Kb8 {[%clk 00:35:51]}
{[%emt 00:11:15]} 21. Ba5 {[%clk 00:42:21]} {[%emt 00:04:23]} Rdg8 {[%clk
00:33:17]} {[%emt 00:03:03]} 22. Rc3 {[%clk 00:40:51]} {[%emt 00:02:00]} Qe4
{[%clk 00:29:30]} {[%emt 00:04:18]} 23. Qd6+ {[%clk 00:36:19]} {[%emt
00:05:01]} Ka8 {[%clk 00:29:45]} {[%emt 00:00:16]} 24. Rc7 {[%clk 00:29:08]}
{[%emt 00:07:40]} Rc8 {[%clk 00:19:14]} {[%emt 00:11:02]} 25. Rxd7 {[%clk
00:16:14]} {[%emt 00:13:23]} Rxc2 {[%clk 00:14:47]} {[%emt 00:04:58]} 26. Rxc2
{[%clk 00:13:37]} {[%emt 00:03:07]} Qxc2 {[%clk 00:15:03]} {[%emt 00:00:14]}
27. Bd2 {[%clk 00:08:43]} {[%emt 00:05:24]} Qe4 {[%clk 00:13:25]} {[%emt
00:02:08]} 28. Rd8+ {[%clk 00:07:39]} {[%emt 00:01:34]} Rxd8 {[%clk 00:12:04]}
{[%emt 00:01:50]} 29. Qxd8+ {[%clk 00:08:08]} {[%emt 00:00:02]} Ka7 {[%clk
00:12:25]} {[%emt 00:00:10]} 30. Qg5 {[%clk 00:08:16]} {[%emt 00:00:21]} Qd3
{[%clk 00:07:58]} {[%emt 00:04:57]} 31. Qe3+ {[%clk 00:05:53]} {[%emt
00:02:52]} 1/2-1/2

[Event "ODJM B 2023"]
[Site "Willingen GER"]
[Date "2023.05.30"]
[Round "4"]
[White "Wang, Simon"]
[Black "Vollmar, Timo"]
[Result "0-1"]
[Termination "normal"]
[Board "11"]
[WhiteElo "1483"]
[BlackElo "1817"]
[WhiteClock "00:12:54"]
[BlackClock "00:32:17"]
[PlyCount "112"]
[WhiteFideId "34605398"]
[BlackFideId "16253582"]
[EventCountry "GER"]
[EventRounds "9"]
[EventType "swiss"]
[EventDate "2023.05.27"]

1. c4 {[%clk 01:30:58]} {[%emt 00:00:01]} b6 {[%clk 01:30:50]} {[%emt
00:00:11]} 2. Nf3 {[%clk 01:30:54]} {[%emt 00:00:34]} Bb7 {[%clk 01:31:09]}
{[%emt 00:00:09]} 3. g3 {[%clk 01:30:45]} {[%emt 00:00:40]} Bxf3 {[%clk
01:31:27]} {[%emt 00:00:12]} 4. exf3 {[%clk 01:30:51]} {[%emt 00:00:24]} c5
{[%clk 01:31:31]} {[%emt 00:00:29]} 5. Bg2 {[%clk 01:30:56]} {[%emt 00:00:22]}
Nc6 {[%clk 01:30:55]} {[%emt 00:01:06]} 6. O-O {[%clk 01:30:53]} {[%emt
00:00:33]} g6 {[%clk 01:30:18]} {[%emt 00:01:07]} 7. Nc3 {[%clk 01:28:13]}
{[%emt 00:03:11]} Bg7 {[%clk 01:28:48]} {[%emt 00:01:59]} 8. b3 {[%clk
01:24:48]} {[%emt 00:03:55]} e6 {[%clk 01:26:42]} {[%emt 00:02:36]} 9. Re1
{[%clk 01:23:15]} {[%emt 00:02:03]} Nge7 {[%clk 01:25:48]} {[%emt 00:01:24]}
10. Bb2 {[%clk 01:18:49]} {[%emt 00:04:56]} O-O {[%clk 01:25:04]} {[%emt
00:01:14]} 11. Rb1 {[%clk 01:15:56]} {[%emt 00:03:23]} d5 {[%clk 01:19:47]}
{[%emt 00:05:47]} 12. d3 {[%clk 01:07:56]} {[%emt 00:08:31]} Rc8 {[%clk
01:15:28]} {[%emt 00:04:48]} 13. f4 {[%clk 01:06:40]} {[%emt 00:01:46]} Qd7
{[%clk 01:08:09]} {[%emt 00:07:48]} 14. Nb5 {[%clk 00:59:02]} {[%emt 00:08:09]}
Rfd8 {[%clk 01:04:14]} {[%emt 00:04:24]} 15. Bxg7 {[%clk 00:59:06]} {[%emt
00:00:27]} Kxg7 {[%clk 01:04:31]} {[%emt 00:00:13]} 16. Nc3 {[%clk 00:51:31]}
{[%emt 00:08:05]} Qc7 {[%clk 00:59:52]} {[%emt 00:05:08]} 17. Nb5 {[%clk
00:49:46]} {[%emt 00:02:16]} Qb8 {[%clk 00:59:53]} {[%emt 00:00:29]} 18. Qc2
{[%clk 00:48:35]} {[%emt 00:01:41]} a6 {[%clk 00:53:19]} {[%emt 00:07:04]} 19.
Qb2+ {[%clk 00:47:48]} {[%emt 00:01:17]} Kg8 {[%clk 00:51:30]} {[%emt
00:02:19]} 20. Nc3 {[%clk 00:46:26]} {[%emt 00:01:51]} Nb4 {[%clk 00:51:16]}
{[%emt 00:00:46]} 21. Rbd1 {[%clk 00:46:24]} {[%emt 00:00:32]} dxc4 {[%clk
00:50:15]} {[%emt 00:01:31]} 22. Re3 {[%clk 00:35:42]} {[%emt 00:11:11]} Nxd3
{[%clk 00:47:54]} {[%emt 00:02:50]} 23. Qb1 {[%clk 00:35:39]} {[%emt 00:00:34]}
Nd5 {[%clk 00:45:41]} {[%emt 00:02:43]} 24. Nxd5 {[%clk 00:34:06]} {[%emt
00:02:03]} exd5 {[%clk 00:45:58]} {[%emt 00:00:13]} 25. bxc4 {[%clk 00:33:01]}
{[%emt 00:01:34]} dxc4 {[%clk 00:46:18]} {[%emt 00:00:11]} 26. Bf1 {[%clk
00:33:22]} {[%emt 00:00:09]} b5 {[%clk 00:44:34]} {[%emt 00:02:15]} 27. Bxd3
{[%clk 00:33:27]} {[%emt 00:00:24]} cxd3 {[%clk 00:44:41]} {[%emt 00:00:22]}
28. Rdxd3 {[%clk 00:33:35]} {[%emt 00:00:23]} Rxd3 {[%clk 00:44:50]} {[%emt
00:00:21]} 29. Qxd3 {[%clk 00:32:12]} {[%emt 00:01:53]} c4 {[%clk 00:44:43]}
{[%emt 00:00:37]} 30. Qa3 {[%clk 00:31:18]} {[%emt 00:01:25]} Qb6 {[%clk
00:42:58]} {[%emt 00:02:13]} 31. Qe7 {[%clk 00:29:54]} {[%emt 00:01:54]} Rd8
{[%clk 00:35:50]} {[%emt 00:07:39]} 32. Ra3 {[%clk 00:23:46]} {[%emt 00:06:38]}
Qd6 {[%clk 00:34:16]} {[%emt 00:02:04]} 33. Qe3 {[%clk 00:22:33]} {[%emt
00:01:44]} b4 {[%clk 00:34:31]} {[%emt 00:00:14]} 34. Ra5 {[%clk 00:22:10]}
{[%emt 00:00:54]} Qc6 {[%clk 00:32:50]} {[%emt 00:02:09]} 35. f3 {[%clk
00:21:30]} {[%emt 00:01:13]} Qe6 {[%clk 00:27:22]} {[%emt 00:05:57]} 36. Qxe6
{[%clk 00:17:13]} {[%emt 00:04:47]} fxe6 {[%clk 00:27:46]} {[%emt 00:00:06]}
37. Rxa6 {[%clk 00:17:32]} {[%emt 00:00:11]} c3 {[%clk 00:27:23]} {[%emt
00:00:53]} 38. Rc6 {[%clk 00:17:44]} {[%emt 00:00:18]} Rd2 {[%clk 00:27:41]}
{[%emt 00:00:11]} 39. a3 {[%clk 00:14:41]} {[%emt 00:03:33]} c2 {[%clk
00:27:36]} {[%emt 00:00:36]} 40. axb4 {[%clk 00:14:44]} {[%emt 00:00:28]} Rd1+
{[%clk 00:27:51]} {[%emt 00:00:14]} 41. Kg2 {[%clk 00:15:04]} {[%emt 00:00:10]}
c1=Q {[%emt 00:00:12]} 42. Rxc1 {[%clk 00:15:21]} {[%emt 00:00:12]} Rxc1 {[%clk
00:28:34]} {[%emt 00:00:06]} 43. g4 {[%clk 00:14:28]} {[%emt 00:01:22]} Rb1
{[%clk 00:28:56]} {[%emt 00:00:08]} 44. Kg3 {[%clk 00:14:17]} {[%emt 00:00:42]}
Rxb4 {[%clk 00:29:13]} {[%emt 00:00:13]} 45. h4 {[%clk 00:11:27]} {[%emt
00:03:20]} h5 {[%clk 00:29:27]} {[%emt 00:00:16]} 46. f5 {[%clk 00:10:48]}
{[%emt 00:01:09]} exf5 {[%clk 00:29:40]} {[%emt 00:00:16]} 47. g5 {[%clk
00:10:42]} {[%emt 00:00:36]} Kf7 {[%clk 00:29:50]} {[%emt 00:00:20]} 48. f4
{[%clk 00:10:17]} {[%emt 00:00:56]} Rb3+ {[%clk 00:30:11]} {[%emt 00:00:09]}
49. Kh2 {[%clk 00:10:38]} {[%emt 00:00:09]} Rf3 {[%clk 00:30:35]} {[%emt
00:00:06]} 50. Kg2 {[%clk 00:10:55]} {[%emt 00:00:13]} Rxf4 {[%clk 00:30:58]}
{[%emt 00:00:07]} 51. Kg3 {[%clk 00:11:19]} {[%emt 00:00:06]} Rg4+ {[%clk
00:31:20]} {[%emt 00:00:08]} 52. Kh3 {[%clk 00:11:43]} {[%emt 00:00:06]} f4
{[%clk 00:31:38]} {[%emt 00:00:11]} 53. Kh2 {[%clk 00:11:40]} {[%emt 00:00:34]}
f3 {[%clk 00:31:57]} {[%emt 00:00:11]} 54. Kh3 {[%clk 00:12:04]} {[%emt
00:00:06]} f2 {[%clk 00:32:03]} {[%emt 00:00:24]} 55. Kh2 {[%clk 00:12:31]}
{[%emt 00:00:03]} f1=R {[%emt 00:00:12]} 56. Kh3 {[%clk 00:12:54]} {[%emt
00:00:06]} Rh1# {[%clk 00:32:17]} {[%emt 00:00:04]} 0-1

[Event "ODJM B 2023"]
[Site "Willingen GER"]
[Date "2023.05.30"]
[Round "4"]
[White "Loßin, Charlotte"]
[Black "Stülcken, Philipp"]
[Result "0-1"]
[Termination "normal"]
[Board "12"]
[WhiteElo "1518"]
[BlackElo "1617"]
[WhiteClock "00:07:34"]
[BlackClock "00:07:57"]
[PlyCount "62"]
[WhiteFideId "16218345"]
[BlackFideId "12986232"]
[EventCountry "GER"]
[EventRounds "9"]
[EventType "swiss"]
[EventDate "2023.05.27"]

1. d4 {[%clk 01:30:58]} {[%emt 00:00:02]} Nf6 {[%clk 01:30:51]} {[%emt
00:00:10]} 2. Nf3 {[%clk 01:31:16]} {[%emt 00:00:11]} e6 {[%clk 01:31:12]}
{[%emt 00:00:09]} 3. e3 {[%clk 01:31:26]} {[%emt 00:00:20]} d5 {[%clk
01:31:28]} {[%emt 00:00:15]} 4. Bd3 {[%clk 01:31:40]} {[%emt 00:00:14]} c5
{[%clk 01:31:25]} {[%emt 00:00:34]} 5. c3 {[%clk 01:32:01]} {[%emt 00:00:10]}
Nbd7 {[%clk 01:31:15]} {[%emt 00:00:40]} 6. O-O {[%clk 01:31:41]} {[%emt
00:00:49]} Bd6 {[%clk 01:31:16]} {[%emt 00:00:29]} 7. Nbd2 {[%clk 01:31:57]}
{[%emt 00:00:13]} O-O {[%clk 01:31:08]} {[%emt 00:00:40]} 8. Re1 {[%clk
01:31:44]} {[%emt 00:00:43]} b6 {[%clk 01:18:50]} {[%emt 00:12:48]} 9. e4
{[%clk 01:31:01]} {[%emt 00:01:12]} dxe4 {[%clk 01:18:02]} {[%emt 00:01:18]}
10. Nxe4 {[%clk 01:31:18]} {[%emt 00:00:13]} Nxe4 {[%clk 01:11:48]} {[%emt
00:06:45]} 11. Bxe4 {[%clk 01:31:23]} {[%emt 00:00:24]} Rb8 {[%clk 01:12:11]}
{[%emt 00:00:07]} 12. Qc2 {[%clk 01:24:49]} {[%emt 00:07:04]} h6 {[%clk
01:08:42]} {[%emt 00:03:59]} 13. Be3 {[%clk 01:16:57]} {[%emt 00:08:22]} Qc7
{[%clk 00:57:09]} {[%emt 00:12:03]} 14. Qd2 {[%clk 01:12:14]} {[%emt 00:05:14]}
f5 {[%clk 00:47:52]} {[%emt 00:09:47]} 15. dxc5 {[%clk 00:43:33]} {[%emt
00:29:10]} bxc5 {[%clk 00:47:54]} {[%emt 00:00:28]} 16. Bc2 {[%clk 00:43:18]}
{[%emt 00:00:45]} Nf6 {[%clk 00:23:28]} {[%emt 00:24:55]} 17. b3 {[%clk
00:33:22]} {[%emt 00:10:27]} f4 {[%clk 00:21:10]} {[%emt 00:02:48]} 18. Rad1
{[%clk 00:33:35]} {[%emt 00:00:17]} Rb6 {[%clk 00:20:32]} {[%emt 00:01:09]} 19.
Qd3 {[%clk 00:21:15]} {[%emt 00:12:49]} fxe3 {[%clk 00:20:07]} {[%emt
00:00:55]} 20. Rxe3 {[%clk 00:21:05]} {[%emt 00:00:40]} Bf4 {[%clk 00:19:09]}
{[%emt 00:01:29]} 21. Ree1 {[%clk 00:19:52]} {[%emt 00:01:42]} Rd6 {[%clk
00:18:27]} {[%emt 00:01:12]} 22. Qg6 {[%clk 00:19:55]} {[%emt 00:00:27]} Rfd8
{[%clk 00:15:54]} {[%emt 00:03:04]} 23. g3 {[%clk 00:17:16]} {[%emt 00:03:09]}
Rxd1 {[%clk 00:15:36]} {[%emt 00:00:48]} 24. Bxd1 {[%clk 00:16:54]} {[%emt
00:00:51]} Bd2 {[%clk 00:15:09]} {[%emt 00:00:57]} 25. Re2 {[%clk 00:11:17]}
{[%emt 00:06:08]} Bxc3 {[%clk 00:14:36]} {[%emt 00:01:03]} 26. Bc2 {[%clk
00:11:24]} {[%emt 00:00:23]} Qc6 {[%clk 00:12:26]} {[%emt 00:02:39]} 27. Re4
{[%clk 00:08:06]} {[%emt 00:03:48]} Nxe4 {[%clk 00:10:14]} {[%emt 00:02:42]}
28. Bxe4 {[%clk 00:08:29]} {[%emt 00:00:06]} Qd7 {[%clk 00:07:47]} {[%emt
00:02:58]} 29. Qh7+ {[%clk 00:07:57]} {[%emt 00:01:03]} Kf8 {[%clk 00:08:10]}
{[%emt 00:00:05]} 30. Bg6 {[%clk 00:07:13]} {[%emt 00:01:15]} Qd1+ {[%clk
00:07:50]} {[%emt 00:00:50]} 31. Kg2 {[%clk 00:07:34]} {[%emt 00:00:08]} Bb7
{[%clk 00:07:57]} {[%emt 00:00:24]} 0-1

[Event "ODJM B 2023"]
[Site "Willingen GER"]
[Date "2023.05.30"]
[Round "4"]
[White "Kratz, Alexander"]
[Black "Frowein, Jamie"]
[Result "1/2-1/2"]
[Termination "normal"]
[Board "13"]
[WhiteElo "1773"]
[BlackElo "1441"]
[WhiteClock "00:15:26"]
[BlackClock "00:16:31"]
[PlyCount "45"]
[WhiteFideId "16228529"]
[BlackFideId "16282949"]
[EventCountry "GER"]
[EventRounds "9"]
[EventType "swiss"]
[EventDate "2023.05.27"]

1. Nf3 {[%clk 01:30:56]} {[%emt 00:00:03]} c5 {[%clk 01:30:53]} {[%emt
00:00:07]} 2. g3 {[%clk 01:31:19]} {[%emt 00:00:07]} Nf6 {[%clk 01:30:47]}
{[%emt 00:00:38]} 3. Bg2 {[%clk 01:31:39]} {[%emt 00:00:09]} Nc6 {[%clk
01:30:37]} {[%emt 00:00:41]} 4. O-O {[%clk 01:31:53]} {[%emt 00:00:15]} g6
{[%clk 01:29:55]} {[%emt 00:01:11]} 5. d3 {[%clk 01:32:08]} {[%emt 00:00:16]}
Bg7 {[%clk 01:30:11]} {[%emt 00:00:14]} 6. e4 {[%clk 01:32:30]} {[%emt
00:00:07]} d6 {[%clk 01:30:29]} {[%emt 00:00:13]} 7. a4 {[%clk 01:32:31]}
{[%emt 00:00:29]} Rb8 {[%clk 01:28:59]} {[%emt 00:02:00]} 8. c3 {[%clk
01:25:50]} {[%emt 00:07:10]} a6 {[%clk 01:26:37]} {[%emt 00:02:53]} 9. Qe1
{[%clk 01:23:10]} {[%emt 00:03:10]} O-O {[%clk 01:24:25]} {[%emt 00:02:42]} 10.
Nbd2 {[%clk 01:14:21]} {[%emt 00:09:19]} b5 {[%clk 01:21:24]} {[%emt 00:03:31]}
11. axb5 {[%clk 01:13:46]} {[%emt 00:01:06]} axb5 {[%clk 01:17:54]} {[%emt
00:04:00]} 12. Nh4 {[%clk 01:09:12]} {[%emt 00:05:03]} b4 {[%clk 01:13:30]}
{[%emt 00:04:54]} 13. Nc4 {[%clk 00:57:22]} {[%emt 00:12:19]} bxc3 {[%clk
01:01:47]} {[%emt 00:12:14]} 14. bxc3 {[%clk 00:54:46]} {[%emt 00:03:06]} d5
{[%clk 00:57:45]} {[%emt 00:04:32]} 15. exd5 {[%clk 00:47:02]} {[%emt
00:08:14]} Nxd5 {[%clk 00:58:01]} {[%emt 00:00:14]} 16. Bd2 {[%clk 00:43:58]}
{[%emt 00:03:34]} Qd7 {[%clk 00:46:35]} {[%emt 00:11:56]} 17. Rc1 {[%clk
00:37:55]} {[%emt 00:06:33]} Rb3 {[%clk 00:36:56]} {[%emt 00:10:09]} 18. f4
{[%clk 00:32:36]} {[%emt 00:05:48]} e6 {[%clk 00:29:11]} {[%emt 00:08:15]} 19.
Nf3 {[%clk 00:26:47]} {[%emt 00:06:20]} Rd8 {[%clk 00:22:30]} {[%emt 00:07:11]}
20. Nfe5 {[%clk 00:18:31]} {[%emt 00:08:46]} Nxe5 {[%clk 00:22:28]} {[%emt
00:00:31]} 21. fxe5 {[%clk 00:18:59]} {[%emt 00:00:03]} Ne7 {[%clk 00:21:46]}
{[%emt 00:01:11]} 22. Bg5 {[%clk 00:17:15]} {[%emt 00:02:14]} Rf8 {[%clk
00:16:31]} {[%emt 00:05:46]} 23. Bxe7 {[%clk 00:15:26]} {[%emt 00:02:19]}
1/2-1/2